[Event "ISR-chT 2019"]
[Site "Israel"]
[Date "2019.03.08"]
[Round "9.8"]
[White "Flom, Gabriel"]
[Black "Parkhov, Yair"]
[Result "1-0"]
[WhiteElo "2460"]
[BlackElo "2348"]
[Annotator "RC"]
[PlyCount "95"]
[EventDate "2019.01.04"]
[EventType "team-tourn"]
[EventCountry "ISR"]
[SourceTitle "playchess.com"]
[Source "ChessBase"]
[SourceQuality "1"]
[TimeControl "40/5400+30:1800+30"]

1. d4 {[%emt 0:16:48]} d5 {[%emt 0:00:00]} 2. c4 {[%emt 0:00:03]} c6 {[%emt 0:00:00]} 3. Nc3 {[%emt 0:00:03]} Nf6 {[%emt 0:00:00]} 4. Nf3 {[%emt 0:00:47]} e6 {[%emt 0:00:00]} 5. e3 {[%emt 0:01:07]} Nbd7 {[%emt 0:00:00]} 6. Qc2 {[%emt 0:00:03]} Bd6 {[%emt 0:00:04]} 7. Bd3 dxc4 {[%emt 0:00:06]} 8. Bxc4 {[%emt 0:00:09]} b5 {[%emt 0:00:07]} 9. Be2 {[%emt 1:15:30]} O-O {[%emt 0:00:41]} 10. O-O {[%emt 0:00:00]} a6 {[%emt 0:00:33]} 11. e4 {[%emt 0:01:00]} e5 12. Bg5 {[%emt 0:00:00]} Qc7 {[%emt 0:34:52]} 13. dxe5 {[%emt 0:00:00]} Nxe5 {[%emt 0:00:32]} 14. Bxf6 {[%emt 0:00:00]} Nxf3+ {[%emt 0:00:10]} 15. Bxf3 {[%emt 0:00:00]} gxf6 {[%emt 0:00:09]} 16. g3 {[%emt 0:00:00]} Be6 {[%emt 0:04:08]} 17. Nd1 {[%emt 0:00:00]} Rad8 {[%emt 0:04:07]} 18. Ne3 {[%emt 0:00:00]} Rfe8 {[%emt 0:23:23]} 19. Bg4 {[%emt 0:00:00]} Bf8 {[%emt 0:00:16]} 20. Bf5 {[%emt 0:00:00]} Rd4 {[%emt 0:02:27]} 21. Rad1 {[%emt 0:00:00]} Rxd1 {[%emt 0:04:56]} 22. Rxd1 {[%emt 0:00:00]} c5 {[%emt 0:05:41]} 23. Qe2 {[%emt 0:00:00]} Qe7 {[%emt 0:02:58]} 24. Qg4+ {[%emt 0:00:00]} Bg7 {[%emt 0:01:38]} 25. Qh5 {[%emt 0:00:00]} h6 {[%emt 0:03:34]} 26. Nd5 {[%emt 0:00:00]} Bxd5 {[%emt 0:00:28]} 27. Rxd5 {[%emt 0:00:00]} c4 {[%emt 0:11:06]} 28. Rd7 {[%emt 0:00:00]} Qf8 {[%emt 0:00:04]} 29. Ra7 {[%emt 0:00:00]} Ra8 {[%emt 0:00:59]} 30. Rc7 {[%emt 0:00:00]} Rd8 {[%emt 0:00:26]} 31. h4 {[%emt 0:00:00]} a5 {[%emt 0:00:15]} 32. Rc5 {[%emt 0:00:00]} Rb8 {[%emt 0:00:47]} 33. Bd7 {[%emt 0:00:00]} Qe7 {[%emt 0:00:52]} 34. Bxb5 {[%emt 0:00:00]} c3 {[%emt 0:00:07]} 35. bxc3 {[%emt 0:00:00]} Qxe4 {[%emt 0:00:13]} 36. Qd5 {[%emt 0:00:00]} Qe1+ {[%emt 0:01:38]} 37. Kg2 {[%emt 0:00:00]} Qe7 {[%emt 0:00:05]} 38. Bc4 {[%emt 0:00:00]} Rd8 {[%emt 0:00:54]} 39. Qf5 {[%emt 0:00:00]} a4 {[%emt 0:00:22]} 40. Bd5 {[%emt 0:00:00]} Kf8 {[%emt 0:00:46]} 41. Bf3 {[%emt 0:13:57]} Qe6 {[%emt 0:04:56]} 42. Qc2 {[%emt 0:00:00]} a3 {[%emt 0:07:49]} 43. c4 {[%emt 0:00:00]} Qe7 {[%emt 0:14:02]} 44. Rb5 {[%emt 0:00:00]} f5 {[%emt 0:01:58]} 45. Rxf5 {[%emt 0:00:00]} Bd4 {[%emt 0:01:07]} 46. Bd5 {[%emt 0:00:00]} f6 {[%emt 0:00:05]} 47. Rf4 {[%emt 0:00:00]} Be5 {[%emt 0:00:06]} 48. Rg4 {[%emt 0:00:00]} 1-0

[Event "ISR-chT 2019"]
[Site "Israel"]
[Date "2019.03.08"]
[Round "9.9"]
[White "Galburd, Yan"]
[Black "Deutsch, Eyal"]
[Result "1-0"]
[WhiteElo "2408"]
[BlackElo "2345"]
[Annotator "NA RC"]
[PlyCount "85"]
[EventDate "2019.01.04"]
[EventType "team-tourn"]
[EventCountry "ISR"]
[SourceTitle "playchess.com"]
[Source "ChessBase"]
[SourceQuality "1"]
[TimeControl "40/5400+30:1800+30"]

1. d4 {[%emt 0:00:12]} Nf6 {[%emt 0:00:00]} 2. Bf4 {[%emt 0:00:04]} c5 {[%emt 0:00:00]} 3. e3 {[%emt 0:00:18]} Qb6 {[%emt 0:00:00]} 4. Nf3 {[%emt 0:00:10]} d6 {[%emt 0:00:00]} 5. Nc3 {[%emt 0:12:56]} Bg4 {[%emt 0:01:38]} 6. Bb5+ {[%emt 0:05:58]} Nbd7 {[%emt 0:04:25]} 7. O-O {[%emt 0:03:05]} a6 {[%emt 0:03:06]} 8. Be2 {[%emt 0:01:10]} e6 {[%emt 0:00:59]} 9. h3 {[%emt 0:04:39]} Bh5 {[%emt 0:01:13]} 10. b3 {[%emt 0:14:21]} Qa5 {[%emt 0:03:53]} 11. Nb1 {[%emt 0:05:00]} Nd5 {[%emt 0:01:22]} 12. Bh2 {[%emt 0:06:11]} Nc3 {[%emt 0:00:50]} 13. Nxc3 {[%emt 0:03:16]} Qxc3 {[%emt 0:00:10]} 14. dxc5 {[%emt 0:02:55]} Qxc5 {[%emt 0:02:07]} 15. c4 {[%emt 0:02:24]} Be7 {[%emt 0:00:54]} 16. Qd2 {[%emt 0:03:11]} Nf6 {[%emt 0:00:39]} 17. Rfd1 {[%emt 0:01:08]} Rd8 {[%emt 0:00:47]} 18. Rac1 {[%emt 0:03:49]} O-O {[%emt 0:00:26]} 19. Nd4 {[%emt 0:02:07]} Bg6 {[%emt 0:01:43]} 20. b4 {[%emt 0:03:16]} Qb6 {[%emt 0:02:27]} 21. f3 {[%emt 0:04:36]} Nd7 {[%emt 0:03:07]} 22. Kh1 {[%emt 0:01:41]} Ne5 {[%emt 0:09:27]} 23. a4 {[%emt 0:02:35]} Nc6 {[%emt 0:03:10]} 24. a5 {[%emt 0:00:11]} Qa7 {[%emt 0:00:18]} 25. Bg1 {[%emt 0:07:01]} Nxd4 {[%emt 0:00:56]} 26. exd4 {[%emt 0:00:20]} d5 {[%emt 0:01:39]} 27. c5 {[%emt 0:00:19]} Rc8 {[%emt 0:01:08]} 28. Bh2 {[%emt 0:01:40]} Bd8 {[%emt 0:00:12]} 29. Bd6 {[%emt 0:03:09]} Re8 {[%emt 0:00:10]} 30. b5 {[%emt 0:00:32]} Qa8 {[%emt 0:04:45]} 31. b6 {[%emt 0:01:53]} Be7 {[%emt 0:03:42]} 32. Bg3 {[%emt 0:02:07]} f6 {[%emt 0:01:16]} 33. Qe3 {[%emt 0:00:41]} Bf8 {[%emt 0:01:08]} 34. Rc3 {[%emt 0:00:23]} Bf7 {[%emt 0:05:09]} 35. Rdc1 {[%emt 0:01:36]} g6 {[%emt 0:05:25]} 36. Bd1 {[%emt 0:00:52]} e5 {[%emt 0:00:10]} 37. Ba4 {[%emt 0:00:44]} Re7 {[%emt 0:00:28]} 38. dxe5 {[%emt 0:00:54]} Qb8 {[%emt 0:02:27]} 39. c6 {[%emt 0:01:31]} bxc6 {[%emt 0:00:28]} 40. f4 {[%emt 0:00:30]} Bh6 {[%emt 0:05:00]} 41. Rxc6 {[%emt 0:05:05]} Rxc6 {[%emt 0:01:10]} 42. Bxc6 {[%emt 0:00:02]} fxe5 {[%emt 0:00:15]} 43. Qc5 {[%emt 0:04:45]} 1-0

[Event "ISR-chT 2019"]
[Site "Israel"]
[Date "2019.03.08"]
[Round "9.10"]
[White "Bykhovsky, Avigdor"]
[Black "Psakhis, Lev"]
[Result "0-1"]
[WhiteElo "2423"]
[BlackElo "2450"]
[Annotator "TA"]
[PlyCount "82"]
[EventDate "2019.01.04"]
[EventType "team-tourn"]
[EventCountry "ISR"]
[SourceTitle "playchess.com"]
[Source "ChessBase"]
[SourceQuality "1"]

{[%evp 22,82,58,72,61,25,36,15,45,28,31,18,24,23,28,0,-6,-13,0,-55,-17,-84,-74,-70,-82,-65,-56,-75,-75,-141,-91,-112,-119,-168,-156,-195,-110,-149,-147,-242,-215,-206,-182,-267,-158,-174,-176,-218,-156,-1020,-325,-355,-336,-330,-318,-1126,-500,-806,-794,-2395,-2307,-2185,-1784]} 1. d4 Nf6 2. c4 e6 3. Nf3 c5 4. d5 d6 5. Nc3 exd5 6. cxd5 g6 7. Nd2 Nbd7 8. e4 Bg7 9. Be2 O-O 10. O-O Re8 11. a4 Ne5 12. h3 g5 {A77: Modern Benoni: Classical: 9...Re8 10 Nd2: 10...a6 and 10...Nbd7} 13. Nf3 Nxf3+ 14. Bxf3 Nd7 {The position is equal.} 15. Bh5 $146 ({Predecessor:} 15. Bg4 Ne5 16. Bxc8 Rxc8 17. Qh5 Nd3 18. Bxg5 Qd7 19. Bh6 Bf6 20. Qf3 {1-0 (20) Henley,R (2440)-Gruenfeld,Y (2500) Lone Pine 1981}) 15... Ne5 16. f4 gxf4 $1 17. Bxf4 Rf8 18. g4 a6 19. Qe2 Rb8 20. Kg2 (20. Qd2 $11) 20... Bd7 $15 21. a5 (21. Rf2 $11 {keeps the balance.}) 21... b5 $17 {Hoping for ...b4.} 22. axb6 Rxb6 23. Ra2 Qe7 24. Rf2 Ng6 25. Bg3 (25. Bxg6 $142 fxg6 26. Bg3) 25... Rfb8 26. Bxg6 hxg6 ({Much weaker is} 26... fxg6 $6 27. e5 $11) 27. Qf3 Bd4 28. Re2 f6 (28... Rb3 $19 {Strongly threatening ...Bb5.} 29. Kh1 (29. Rxa6 $2 Bb5 $19) 29... R8b6) 29. Qf4 Kg7 30. Qd2 {[#]} (30. Rd2 $17) 30... a5 $1 {[%mdl 512]} 31. Bf2 (31. Rxa5 Rxb2) 31... Rb4 32. Bxd4 (32. Qf4 $142) 32... Rxd4 (32... cxd4 $19 33. Nd1 Qe5 34. Rxa5 Rb3) 33. Qe3 {[#]} a4 $1 34. Rd2 Qe5 35. Kf3 $2 (35. Rf2 $17) 35... Rb3 $2 (35... Rh8 {( -> ...Rxd2)} 36. Kg2 {[#]} Bxg4 $1 {[%mdl 512]} 37. Rxd4 Rxh3 38. Qxh3 Bxh3+ 39. Kxh3 cxd4 40. Nxa4 Qxe4) 36. Ra3 $19 Rbb4 37. Rf2 g5 {...Bb5 is the strong threat.} 38. Rd2 $2 (38. Kg2 Bb5 39. Qg3) 38... Be8 (38... Rxd2 $142 39. Qxd2 Rd4) 39. Ra1 (39. Kg2 $142 Rxd2+ 40. Qxd2) 39... Bg6 40. Re1 {[#]} a3 $1 {[%mdl 512]} 41. bxa3 Rb3 {Accuracy: White = 23%, Black = 68%.} 0-1

[Event "ISR-chT 2019"]
[Site "Israel"]
[Date "2019.03.08"]
[Round "9.11"]
[White "Mikhalevski, Alexander"]
[Black "Arlinsky, Uriel"]
[Result "1-0"]
[WhiteElo "2430"]
[BlackElo "2336"]
[Annotator "TA"]
[PlyCount "113"]
[EventDate "2019.01.04"]
[EventType "team-tourn"]
[EventCountry "ISR"]
[SourceTitle "playchess.com"]
[Source "ChessBase"]
[SourceQuality "1"]

{[%evp 12,113,10,7,39,29,41,12,27,25,33,12,47,45,106,106,111,92,109,112,102,112,111,87,103,69,66,34,45,41,44,43,40,0,0,0,0,0,0,0,0,0,16,10,5,10,16,0,0,0,0,0,14,23,16,0,23,0,0,-8,0,-5,84,88,69,83,112,119,119,111,193,28,179,165,154,22,222,222,254,197,215,169,368,356,326,270,408,313,271,253,250,243,227,226,219,208,584,580,1533,992,5102,4604,1676,588]} 1. d4 Nf6 2. c4 e6 3. Nf3 b6 4. Nc3 Bb7 5. a3 g6 6. Bg5 Bg7 7. e3 d6 {E12: Queen's Indian: Unusual White 4th moves, 4 a3, 4 Nc3 Bb7 5 a3 and 4 Nc3 Bb7} (7... h6 8. Bh4 O-O 9. Bd3 d6 10. O-O Nbd7 11. e4 g5 12. Bg3 Nh5 13. d5 Nxg3 14. hxg3 c6 15. Bc2 {0-1 (38) Blees,A (2374)-Nikolic,P (2598) Netherlands 2017}) 8. Be2 Nbd7 9. d5 $146 ({Predecessor:} 9. O-O h6 10. Bh4 g5 11. Bg3 Nh5 12. d5 Nxg3 13. hxg3 Bxc3 14. bxc3 e5 15. Nd2 {0-1 (34) Aliyev,R (2324)-Benidze,D (2487) Poti 2018}) 9... exd5 {The position is equal.} 10. cxd5 h6 11. Bh4 g5 12. Bg3 Nh5 ({Black should try} 12... Nc5 $14) 13. Nd4 $16 Nxg3 14. hxg3 Bxd4 15. Qxd4 ({Of course not} 15. exd4 $6 Nf6 $11) 15... Qf6 16. Qa4 a6 17. Bg4 O-O-O 18. Rd1 h5 19. Bxd7+ Rxd7 20. Qd4 Qe5 21. Ne4 Rh6 22. Qxe5 dxe5 23. Nxg5 f6 24. Nf3 Bxd5 25. Rh4 Rhh7 26. e4 Be6 27. Rxd7 Kxd7 $11 {[%mdl 4096] Endgame KRB-KRN} 28. Nh2 Kd6 29. g4 Bf7 30. Nf3 Bg6 31. g5 f5 32. exf5 Bxf5 33. Nd2 b5 34. Nf1 Bg6 35. Ke2 Rf7 36. g3 e4 (36... c5 $11) 37. Nd2 $16 Kd5 38. Ke3 c5 39. Nxe4 Re7 40. f3 Kc4 (40... a5 $16) 41. Kd2 $2 (41. Rh2 $1 $18) 41... Kb3 $2 (41... Rd7+ $11 {and Black has nothing to worry.} 42. Ke3 Rd3+ 43. Kf2 a5) 42. Nxc5+ $18 Kxb2 43. Nxa6 ({Only move:} 43. Rd4 $1 $16) 43... Kxa3 $2 (43... Re5 $11) 44. Rd4 $1 Rb7 45. Nb4 Rc7 46. f4 Kb3 $2 (46... Bb1 47. Ke3 Re7+ 48. Kd2 Rc7) 47. Rd6 Be4 48. Nd3 b4 (48... Kc4 {was necessary.} 49. Ne5+ Kc5) 49. g6 Bf5 50. Rf6 Bxd3 51. Kxd3 {KR-KR} Rc3+ {[#]} 52. Ke4 $1 {And now g4! would win.} Rxg3 53. f5 Kb2 $2 {[#]} (53... h4 {is a better chance.} 54. Kf4 Rg1) 54. Rf7 $1 {White is clearly winning.} b3 55. g7 Kb1 56. f6 b2 57. Rf8 {Accuracy: White = 55%, Black = 29%.} 1-0

[Event "ISR-chT 2019"]
[Site "Israel"]
[Date "2019.03.08"]
[Round "9.12"]
[White "Mesropov, Konstantin"]
[Black "Kunin, Pavel"]
[Result "1-0"]
[WhiteElo "2431"]
[BlackElo "2261"]
[Annotator "TA"]
[PlyCount "101"]
[EventDate "2019.01.04"]
[EventType "team-tourn"]
[EventCountry "ISR"]
[SourceTitle "playchess.com"]
[Source "ChessBase"]
[SourceQuality "1"]

{[%evp 11,101,7,21,18,22,14,29,4,17,0,0,6,13,6,31,0,0,-20,-25,-22,-27,-23,-14,-10,-8,-12,0,-9,0,-15,0,0,0,0,0,7,38,0,0,0,0,-26,127,132,142,125,133,134,127,134,142,141,112,115,177,183,174,168,203,199,186,175,242,239,232,229,374,322,261,230,259,123,372,404,502,489,683,679,1055,1029,1213,1008,1214,992,4614,4614,29989,4710,29990,29991,29994,29995]} 1. c4 e6 2. Nc3 d5 3. e3 Nf6 4. Nf3 Be7 5. b3 O-O 6. Bb2 b6 7. cxd5 {A13: English Opening: 1...e6} Nxd5 8. Nxd5 Qxd5 (8... exd5 9. d4 a5 10. Bd3 Ba6 11. O-O Nd7 12. Rc1 Bd6 13. Ne5 Nf6 14. Nc6 Qc8 {½-½ (32) Nakamura,H (2746)-Karjakin,S (2753) Kolkata 2018}) 9. Qc2 {White has an edge.} Ba6 10. Bc4 Bxc4 11. bxc4 Qb7 12. h4 f5 $146 ({Predecessor:} 12... f6 13. h5 Nd7 14. O-O c5 {0-1 (68) Jacobson,A (2256)-Kumar,N (2277) Charlotte 2018}) 13. Nd4 (13. h5 {is more complex.} h6 14. d4 c5 15. Rd1 Na6 16. O-O) 13... Qc8 (13... Qxg2 $6 14. O-O-O $16) 14. f4 c5 15. Nf3 Nc6 16. O-O Qd8 17. d4 Rc8 18. Qe2 Bxh4 {[#]} 19. d5 $1 {[%mdl 512]} exd5 20. cxd5 Na5 21. Rad1 {Threatening d6.} Bf6 $1 22. Ne5 {White wants to play d6.} Qd6 23. Bc3 c4 24. g4 fxg4 25. Qxg4 Nb7 26. Kg2 b5 $2 ({Better is} 26... Rce8 $11) 27. Bb4 $1 $16 {[%cal Rb4d6]} Nc5 (27... Qxb4 28. Qe6+ Rf7 29. Qxf7+ Kh8 30. Ng6+ $1 {[%mdl 512]} hxg6 31. Rh1+ Bh4 32. Rxh4#) 28. e4 $1 Rfe8 {[#]} 29. Nc6 $1 ({Worse is} 29. Bxc5 Rxc5 30. Nd7 (30. Qh5 Re7 $15) 30... h5 $15) 29... Rxc6 30. dxc6 Qxc6 {aiming for ...Nd3.} 31. Bxc5 $1 Qxc5 32. e5 $36 {[%mdl 2048] Strongly threatening Qd7. Keeping Black busy.} Qc6+ (32... Be7 $16) 33. Qf3 $18 Qxf3+ 34. Kxf3 {[%mdl 4096] Endgame KRR-KRB} Bd8 35. Rd5 {[%mdl 1024] White has strong compensation.} a6 36. Ke4 g6 (36... c3 $142 37. Rd6 a5) 37. Rfd1 Be7 38. Rd7 Ba3 (38... c3 {was called for.} 39. Ra7 Kf8) 39. Rc7 Re7 40. Rd8+ Kf7 41. Rxe7+ (41. Rc6 $18) 41... Kxe7 $2 {KR-KB} (41... Bxe7 $16 42. Rh8 Kg7) 42. Ra8 c3 {Threatens to win with ...c2.} 43. Ra7+ Ke8 {...c2 is the strong threat.} 44. Kd3 Bc1 45. Kxc3 Bxf4 46. Kd4 h5 47. Kd5 h4 48. Ke6 {[%cal Ra7a8]} Bg5 49. Ra8+ Bd8 50. Kd6 h3 51. e6 {Accuracy: White = 71%, Black = 44%.} 1-0

[Event "ISR-chT 2019"]
[Site "Israel"]
[Date "2019.03.08"]
[Round "9.13"]
[White "Rodshtein, Maxim"]
[Black "Boruchovsky, Avital"]
[Result "1-0"]
[WhiteElo "2668"]
[BlackElo "2534"]
[Annotator "TA"]
[PlyCount "59"]
[EventDate "2019.01.04"]
[EventType "team-tourn"]
[EventCountry "ISR"]
[SourceTitle "playchess.com"]
[Source "ChessBase"]
[SourceQuality "1"]

{[%evp 13,59,12,24,22,26,30,23,25,29,0,63,53,39,3,23,30,31,31,43,29,50,42,88,75,241,233,248,221,345,336,277,254,407,395,480,478,520,499,511,475,601,609,807,713,1001,989,1206,1168]} 1. c4 e6 2. Nc3 d5 3. d4 Nf6 4. cxd5 exd5 5. Bg5 c6 6. e3 Be7 7. Qc2 Bg4 8. h3 {D36: Queen's Gambit Declined: Exchange Variation: Main line (5 Bg5 c6 6 Qc2)} Bh5 9. f4 {Threatens to win with g4.} h6 10. Bxf6 {White has an edge.} Bxf6 11. Bd3 Bh4+ ({Black should try} 11... Qe7 $1 $11 12. Kf2 O-O) 12. Kd2 $14 Bg3 13. Nf3 $146 ({Predecessor:} 13. Rf1 Nd7 14. h4 Bg4 15. h5 Bh4 {1-0 (41) Moutousis,K (2416)-Mastrovasilis,A (2554) Athens 2014}) 13... Bxf3 14. gxf3 {aiming for Rag1.} Bh4 15. Rhg1 Bf6 16. Rad1 $36 {[%mdl 2048] White is more active.} O-O 17. Kc1 Re8 18. Qd2 a5 $2 {[#]} (18... Qe7 $16 {was worth a try.}) 19. Bc2 $18 Nd7 20. e4 Nf8 (20... Kh8 $142 21. Kb1 (21. exd5 Qc7 $16) 21... Qc7) 21. e5 Bh4 22. f5 ({Don't play} 22. Qg2 $6 g6 $16) 22... f6 $2 {[#]} (22... Nh7 23. Kb1 Kh8) 23. f4 b5 24. Rg4 {White is clearly winning.} fxe5 25. dxe5 Ra7 26. Rdg1 h5 27. R4g2 Qe7 28. Ne2 Qb4 29. Qe3 Rd7 30. Qf3 {Accuracy: White = 84%, Black = 30%.} 1-0

[Event "ISR-chT 2019"]
[Site "Israel"]
[Date "2019.03.08"]
[Round "9.14"]
[White "Nabaty, Tamir"]
[Black "Korobov, Anton"]
[Result "1-0"]
[WhiteElo "2688"]
[BlackElo "2686"]
[Annotator "TA"]
[PlyCount "95"]
[EventDate "2019.01.04"]
[EventType "team-tourn"]
[EventCountry "ISR"]
[SourceTitle "playchess.com"]
[Source "ChessBase"]
[SourceQuality "1"]

{[%evp 14,95,21,20,29,26,27,26,26,25,28,16,35,35,37,21,21,19,22,0,0,0,0,0,0,-19,0,0,0,-12,-10,-22,-22,-29,-26,-24,123,129,129,128,122,124,133,134,125,130,134,122,123,117,127,125,125,125,150,133,167,167,200,189,248,223,334,333,372,373,427,415,414,341,485,472,463,452,440,422,435,416,541,558,521,533,1060,1052]} 1. d4 d5 2. Nf3 Nf6 3. Bf4 e6 4. e3 Bd6 5. Bxd6 cxd6 6. c4 {D02: 1 d4 d5 2 Nf3 sidelines, including 2...Nf6 3 g3 and 2...Nf6 3 Bf4} O-O 7. Nc3 dxc4 8. Bxc4 {LiveBook: 9 Games. The position is equal.} d5 (8... a6 9. O-O b5 10. Bd3 Bb7 11. Qe2 Nbd7 12. a4 {1-0 (44) Karjakin,S (2783)-Meier,G (2630) chess.com INT 2017}) 9. Bd3 Nc6 10. O-O Qd6 11. Rc1 Bd7 12. Nb5 $146 ({Predecessor:} 12. Nd2 Rac8 13. Nb3 Nb4 14. Bb1 b6 15. a3 Na6 16. Bd3 Nc7 {½-½ (29) Ragozin,A (2116)-Dolgusheva,D (1884) Novosibirsk 2011}) 12... Qb8 13. a3 Rc8 14. Qe2 a6 15. Nc3 Qd6 16. e4 dxe4 17. Nxe4 Qe7 18. Rfe1 Be8 19. Nc3 Rd8 20. Rcd1 Qc7 21. Bc4 Ne7 22. Bxe6 fxe6 23. Qxe6+ Kf8 24. Ng5 {Qxf6+! is the strong threat.} Bh5 {[#]} (24... Qd7 $11) 25. g4 $1 $36 {[%cal Rg4h5][%mdl 2048] White is really pushing.} h6 {[#]} 26. Qxf6+ $1 {[%mdl 512]} gxf6 27. Ne6+ Kf7 28. Nxc7 Bxg4 29. Rxe7+ Kxe7 30. Re1+ Kf7 {And now ...Rg8! would win.} 31. Nxa8 Rxa8 {[%mdl 4096] Endgame KRB-KRN} 32. Kg2 Rd8 33. f3 Bc8 34. Rd1 b5 35. Kf2 Bb7 36. d5 h5 (36... Re8 $142 37. a4 bxa4 38. Nxa4 Rd8) 37. Ke3 $18 Re8+ (37... Rd7 $142 38. Kd4 Rc7) 38. Kd4 Rg8 39. Ne4 {Strongly threatening Nd6+.} Rd8 40. Kc5 Ke7 41. Ng3 Bc8 (41... h4 $142 42. Nf5+ Kd7) 42. Re1+ Kf7 43. Ne4 Bh3 44. Nd6+ Kf8 45. Re4 Kg7 46. Re8 {White is clearly winning.} Rd7 {If Black can now play ...Rc7+ this consolidates a bit.} 47. Kc6 Kh6 48. Rh8+ {Precision: White = 81%, Black = 40%.} 1-0

[Event "ISR-chT 2019"]
[Site "Israel"]
[Date "2019.03.08"]
[Round "9.15"]
[White "Postny, Evgeny"]
[Black "Grinberg, Eyal"]
[Result "1-0"]
[WhiteElo "2630"]
[BlackElo "2472"]
[Annotator "TA"]
[PlyCount "81"]
[EventDate "2019.01.04"]
[EventType "team-tourn"]
[EventCountry "ISR"]
[SourceTitle "playchess.com"]
[Source "ChessBase"]
[SourceQuality "1"]

{[%evp 9,81,17,26,20,20,25,31,24,27,21,23,10,11,20,49,39,59,62,64,56,71,69,70,77,72,56,65,41,70,60,68,64,69,65,70,71,62,62,62,62,59,65,60,61,66,60,63,37,37,32,77,82,84,85,85,93,130,128,144,141,143,143,146,135,134,27,746,716,525,412,372,372,349,338]} 1. d4 d5 2. c4 c6 3. Nf3 Nf6 4. e3 e6 5. Bd3 Nbd7 (5... dxc4 6. Bxc4 Nbd7 7. O-O Bd6 8. Nbd2 O-O 9. Be2 c5 10. b3 b6 11. Nc4 Bc7 12. a4 Bb7 13. Ba3 Ne4 14. Rc1 Qf6 15. Ncd2 Rac8 16. Nxe4 Bxe4 {0-1 (110) Kozul,Z (2612)-Adhiban,B (2682) Zagreb 2018}) 6. b3 {D30: Queen's Gambit Declined: Systems without Nc3} b6 7. O-O Bb7 8. Bb2 {White is slightly better.} Bd6 9. Nbd2 O-O 10. Ne5 c5 11. cxd5 Nxd5 12. Ne4 Be7 13. Nxd7 Qxd7 14. dxc5 f5 15. Nd6 $1 Bxd6 16. cxd6 Qxd6 17. Bc4 $146 Qc6 {Threatens to win with ...Nxe3!} 18. Qd4 {[%csl Gb2][%cal Rd4g7]} Nf6 {[%csl Gb7][%cal Rc6g2]} 19. f3 {And now Qe5 would win.} b5 20. Be2 Rad8 21. Qxa7 {Strongly threatening Rfc1.} Rd2 {Hoping for ...Ra8.} 22. Rfc1 $1 {[%cal Rc1c6]} Ra8 {[#]} 23. Qxa8+ $1 {[%mdl 512]} Bxa8 24. Rxc6 Bxc6 25. Bxf6 $1 Rxe2 $14 {[%mdl 4096] Endgame KRB-KRB} 26. Bd4 g5 27. Rc1 Bd5 28. Rc8+ Kf7 29. Rc7+ Kg6 30. Rg7+ Kh6 31. Bf6 {aiming for h3.} g4 32. Rg5 {Intending f4 and mate.} ({Of course not} 32. fxg4 $6 Rxg2+ 33. Kf1 fxg4 $15) 32... gxf3 33. gxf3 {White threatens h4 and mate.} Rxa2 34. h4 {[%csl Gg5][%cal Rf6g7]} Ra7 35. Bd4 Rf7 36. Kf2 Bxb3 {[#]} 37. Kg3 ({Only move:} 37. Be5 $1 $16) 37... f4+ $2 {[%mdl 8192]} (37... Bc4 $11) 38. exf4 $18 Bc2 {[#]} 39. f5 $1 {[%mdl 512]} Bxf5 40. Be3 Bg6 41. h5 {Accuracy: White = 80%, Black = 57%.} ({Worse is} 41. Rxb5+ Kg7 $11) 1-0

[Event "ISR-chT 2019"]
[Site "Israel"]
[Date "2019.03.08"]
[Round "9.16"]
[White "Rozentalis, Eduardas"]
[Black "Roiz, Michael"]
[Result "1/2-1/2"]
[WhiteElo "2529"]
[BlackElo "2599"]
[Annotator "TA"]
[PlyCount "24"]
[EventDate "2019.01.04"]
[EventType "team-tourn"]
[EventCountry "ISR"]
[SourceTitle "playchess.com"]
[Source "ChessBase"]
[SourceQuality "1"]

{[%evp 16,24,18,18,15,6,0,8,14,14,13]} 1. e4 e5 2. Nf3 Nc6 3. Bb5 Nf6 4. O-O Nxe4 5. Re1 Nd6 6. Nxe5 Be7 7. Bf1 Nxe5 8. Rxe5 O-O 9. d4 {The position is equal.} Ne8 {C67: Ruy Lopez: Berlin Defence: 4 0-0 Nxe4} 10. c3 d5 11. Bd3 c6 $146 ({Predecessor:} 11... Bd6 12. Re1 Qh4 13. g3 Qg4 14. Qxg4 Bxg4 15. Kg2 c6 16. Nd2 Nc7 17. Nf3 {½-½ (57) Harikrishna,P (2698)-Aronian,L (2802) Wijk aan Zee 2013}) 12. Nd2 Bd6 1/2-1/2

[Event "ISR-chT 2019"]
[Site "Israel"]
[Date "2019.03.08"]
[Round "9.17"]
[White "Mikhalevski, Victor"]
[Black "Givon, Asaf"]
[Result "1-0"]
[WhiteElo "2587"]
[BlackElo "2471"]
[Annotator "TA"]
[PlyCount "69"]
[EventDate "2019.01.04"]
[EventType "team-tourn"]
[EventCountry "ISR"]
[SourceTitle "playchess.com"]
[Source "ChessBase"]
[SourceQuality "1"]

{[%evp 21,69,6,14,2,7,2,10,4,0,3,16,12,0,0,13,-12,0,0,-2,-18,25,23,22,30,39,22,127,120,110,109,93,60,61,62,262,272,262,233,411,406,418,423,419,416,423,395,566,562,564,576]} 1. Nf3 c5 2. e3 g6 3. d4 Nf6 4. dxc5 Qa5+ 5. Nbd2 Bg7 6. a3 Qxc5 7. b4 Qc7 8. Bb2 O-O 9. c4 b6 10. Be2 Bb7 11. O-O d6 12. Nd4 {A48: 1 d4 Nf6 2 Nf3 g6: Torre, London and Colle Systems} Nbd7 13. Nb5 Qb8 14. Rc1 {The position is equal.} a6 15. Nc3 {[#]} Rc8 $146 ({Predecessor:} 15... Qa7 16. Qb3 Rac8 17. h3 Ne5 18. Rfe1 Rc7 19. f4 Ned7 {½-½ (33) Aleksandrov,A (2605)-Potkin,V (2599) Sochi 2015}) 16. Qb3 Ra7 17. Qa2 Qa8 18. Nf3 Ne4 19. Nb1 e5 20. Rfd1 Ndf6 21. Ne1 Bh6 22. Qb3 {Threatens to win with f3.} Qb8 23. Qd3 (23. f3 $5 {[%cal Rf3e4]}) 23... d5 (23... Ne8 $11 {remains equal.}) 24. cxd5 $16 Rxc1 25. Rxc1 Bxd5 26. f3 Rd7 {[#] Strongly threatening ...Ba2.} 27. fxe4 Be6 $2 (27... Ba2 $14 28. Qc3 Bxb1) 28. Qc3 $18 ({Stronger than} 28. Qxa6 Bxe3+ 29. Kf1 Bxc1 $11) 28... Nxe4 29. Qc8+ ({But not} 29. Qxe5 $6 Bxe3+ 30. Kf1 Qxe5 $16) 29... Qxc8 $2 (29... Rd8 30. Qxb8 Bxe3+ 31. Kf1 Rxb8) 30. Rxc8+ Kg7 31. Bxe5+ f6 32. Bf4 g5 33. Bb8 Kg6 (33... g4 $142 34. Bf4 (34. Bxa6 Rd1 $18 {[%mdl 64] Double Attack}) 34... Bxf4) 34. Rc6 Bd5 35. Rxb6 {Accuracy: White = 67%, Black = 41%.} 1-0